000
00247nam a2200121Ia 4500
100
_a
#N/A
650
_a
Compputers
942
_c
BK
654
_a
autocad
245
_a
AUTO CAD 2008 for Engineers & Designers
260
_b
#N/A
546
_a
ENGLISH
999
_c
20494
_d
20494